| 000 | 01035cam a22003015i 4500 | ||
|---|---|---|---|
| 001 | 18641336 | ||
| 003 | OSt | ||
| 005 | 20151012203913.0 | ||
| 008 | 150603s2015 maua b 001 0 eng | ||
| 010 | _a 2015413038 | ||
| 020 | _a9781292076317 | ||
| 040 |
_aDLC _cDLC |
||
| 042 | _apcc | ||
| 082 |
_222 _a381.142 _bLKE |
||
| 100 | 1 |
_aLaudon, Kenneth C., _d1944- _eauthor. _952157 |
|
| 245 | 1 | 0 |
_aE-commerce : _bbusiness, technology, society / _cKenneth C. Laudon, New York University, Carol Guercio Traver, Azimuth Interactive, Inc. |
| 246 | 1 | 4 | _aE-commerce 2015 |
| 250 | _aEleventh edition. | ||
| 300 |
_axli, 803, I-59, C-1 pages : _billustrations ; _c26 cm |
||
| 504 | _aIncludes bibliographical references and index. | ||
| 650 | 0 |
_aElectronic commerce. _952158 |
|
| 650 | 0 |
_aInternet marketing. _952159 |
|
| 650 | 0 |
_aInformation technology. _952160 |
|
| 700 | 1 |
_aTraver, Carol Guercio, _eauthor. _946089 |
|
| 906 |
_a0 _bibc _corigres _d3 _encip _f20 _gy-gencatlg |
||
| 942 |
_2ddc _cBOOK |
||
| 999 |
_c38400 _d272900 |
||